000
002940000a22001450004500
003
MACL
040
_a
MACL
090
_c
4101
_d
4100
100
_a
Dogra, Bharat
245
_a
India Despair and Hope
260
_b
Bharat Dogra
_c
1991
350
_a
300
650
_a
Sociology
942
_c
BOOK
_k
300
999
_c
4067
_d
4067